000 00294nam a2200133Ia 4500
008 210210b1951 xxu||||| |||| 00| 0 eng d
041 _aeng
082 _a874/48
100 _aNAIR (S K)
245 _aNarmasallapam
260 _a
_b-
_c1951
690 _aMalayalam Criticism
906 _a002628
999 _c124596
_d124596